000 00900nam a2200277 i 4500
003 EG-GICUC
005 20260506110124.0
008 260406s19561957fr |||fr|||| 00| 0 fre d
040 _aEG-GiCUC
_bfre
_cEG-GiCUC
_dEG-GiCUC
_eRda
082 0 4 _221
_a343
_bLE . C
092 0 4 _221
099 _aLaw1 10 343 LE . C 1956
100 1 _aLevasseur, M
_eAuteur
245 1 0 _aCours De Droit Criminel Approfondi :
_bRédigé D'après Les Notes Et Avec L'autorisation /
_cM. Levasseur.
264 1 _aParis :
_bLes Cours De Droit,
_c1956.
300 _a326 page ;
_c 24 cm.
336 _2rda contenu
_a texte
337 _2rda medias
_aOrdinateur
338 _2 transporteur rda
_a Ressource en ligne
650 1 _aCriminologie
_2qrmak
650 1 _aDroit De Panéil
651 1 _2qrmak
856 4 0 _uhttps://fll.law.cu.edu.eg/fulltext/bks/B10-09031.pdf
905 _a54
_eYara
942 _2ddc
_cBK
_e21
_n0
999 _c69257
_d69257